Die Behandlung des Straffälligen in der Republik Südafrika

Saved in:  
Bibliographic Details
Main Author: Roux, J. P. (Author)
Format: Print Article
Language:German
Published: 1982
In: Kriminologisches Bulletin
Year: 1982, Volume: 8, Issue: 2, Pages: 51-72
Check availability: HBZ Gateway
Keywords:

MARC

LEADER 00000caa a2200000 c 4500
001 1635856167
003 DE-627
005 20220608110511.0
007 tu
008 140129s1982 xx ||||| 00| ||ger c
035 |a (DE-627)1635856167 
035 |a (DE-576)40021931X 
035 |a (DE-599)BSZ40021931X 
040 |a DE-627  |b ger  |c DE-627  |e rakwb 
041 |a ger 
100 1 |a Roux, J. P.  |4 aut 
245 1 4 |a Die Behandlung des Straffälligen in der Republik Südafrika  |c J. P. Roux 
264 1 |c 1982 
336 |a Text  |b txt  |2 rdacontent 
337 |a ohne Hilfsmittel zu benutzen  |b n  |2 rdamedia 
338 |a Band  |b nc  |2 rdacarrier 
773 0 8 |i In  |t Kriminologisches Bulletin  |d Zürich : Arb.-Gruppe, 1975  |g 8(1982), 2, Seite 51-72  |w (DE-627)166765007  |w (DE-600)303154-8  |w (DE-576)01520362X  |7 nnas 
773 1 8 |g volume:8  |g year:1982  |g number:2  |g pages:51-72 
951 |a AR 
ELC |b 1 
LOK |0 000 xxxxxcx a22 zn 4500 
LOK |0 001 329264173X 
LOK |0 003 DE-627 
LOK |0 004 1635856167 
LOK |0 005 20250602152431 
LOK |0 008 140129||||||||||||||||ger||||||| 
LOK |0 040   |a DE-21-110  |c DE-627  |d DE-21-110 
LOK |0 689   |a s  |a Behandlung 
LOK |0 689   |a s  |a Straffällige 
LOK |0 689   |a g  |a Südafrika 
LOK |0 852   |a DE-21-110 
LOK |0 852 1  |m p  |9 00 
LOK |0 935   |a k110 
LOK |0 938   |k p 
LOK |0 939   |a 29-01-14  |b l01 
ORI |a SA-MARC-krimdoka001.raw